000
00319nam a2200145Ia 4500
999
_c
14296
_d
14296
003
OSt
005
20260316161932.0
008
260210s9999 xx 000 0 und d
020
_a
9781959851738
082
_a
696.1
100
_a
ICC
245
0
_a
2024 International Plumbing Code
260
_b
ICC
942
_c
UG
_2
ddc